| 000 | 00640nam a22001937a 4500 | ||
|---|---|---|---|
| 003 | OSt | ||
| 005 | 20250620033137.0 | ||
| 008 | 250620b |||||||| |||| 00| 0 eng d | ||
| 035 | _a978-621-478-048-5 | ||
| 040 |
_aDWCL-Main Lib _cOC |
||
| 082 | _aFil. 500 V434m 2023 | ||
| 100 | _aVelasquez, Joseph A. | ||
| 245 |
_aMathematics, science and technology/ _cJoseph A. Velasquez |
||
| 260 |
_aManila, Philippines: _bEDRIC Publishing House, _cc2023. |
||
| 300 |
_a115 pages: _billustrations; _c26cm. |
||
| 504 | _aIncludes bibliographical references. | ||
| 650 | _a1. Mathematics - Science and Technology. | ||
| 942 |
_2ddc _cBK - FIL _kFil. _n0 |
||
| 999 |
_c3185 _d3185 |
||